000 00497nam a2200193Ia 4500
005 20250508150607.0
008 008 250505s9999 xx 000 0 eng d
037 _aTextual
040 _aFEDL
_beng
_cFEDL
041 _aeng
_2eng
084 _a150, WOO
_qFEDL
100 _aWoodworth Robert S.
245 0 _aPsychology
250 _a19th
260 _aLondon, UK
_bMethuen and Co. Ltd.
_c1948
300 _axiv,632p.
942 _cTEXL
_h150, WOO
999 _c1324464
_d1324464